| 000 | 01025nam a2200253 a 4500 | ||
|---|---|---|---|
| 001 | 097977 | ||
| 003 | BD-ChCU | ||
| 005 | 20230204170538.0 | ||
| 008 | 2016s2017 aii b 001 ben | ||
| 020 | _a৯৭৮ ৯৩ ৮৫১৩১ ৫৩ ০ | ||
| 040 |
_aDLC _cDLC _dBD-ChCU |
||
| 082 | 0 | 0 | _a৩৯৪.৫৯২২/বাল্মী৮৮ |
| 100 | 1 |
_a _c |
|
| 245 | 0 | 0 |
_aবাল্মীকি রামায়ণ খ.১ : _cভূমিকা, টিকা ও নির্ঘন্ট সংবলিত । _c |
| 246 | 0 | 0 |
_aBalmiki ramayon kha.1 : _cvumika, tika o nirghonto songbolito. _c |
| 250 | _aসং | ||
| 260 |
_aকলকাতা _cবঙ্গীয় সাহিত্য সংসদ _c২০১৬ |
||
| 300 | _a৬২৪পৃ: | ||
| 504 | _aIncludes index and bibliography. | ||
| 650 | 0 |
_aহিন্দু ধর্ম । _cরামায়ণ |
|
| 650 | _aHindu dharma | ||
| 700 | 1 | _aভট্টাচার্য, সুভাষ (অনু.) । | |
| 942 |
_2ddc _cBK |
||
| 999 |
_c97977 _d97977 |
||